Relazione sui diritti fondamentali 2019 Pareri della FRA

Wedi'i Gadw mewn:
Manylion Llyfryddiaeth
Awdur Corfforaethol: European Union Agency for Fundamental Rights (FRA)
Fformat: Llyfr
Iaith:Saesneg
Cyhoeddwyd: Vienna European Union Agency for Fundamental Rights (FRA) 2019
Tagiau: Ychwanegu Tag
Dim Tagiau, Byddwch y cyntaf i dagio'r cofnod hwn!

MARC

LEADER 00000nam a2200000 4500
005 20241023184111.0
008 241023b |||||||| |||| 00| 0 eng d
020 |a 9789294745545 
040 |c GP 
110 |a European Union Agency for Fundamental Rights (FRA) 
245 |a Relazione sui diritti fondamentali 2019  |b Pareri della FRA 
260 |a Vienna  |b European Union Agency for Fundamental Rights (FRA)  |c 2019 
942 |2 ddc  |c BK  |n 0 
952 |0 0  |1 0  |2 ddc  |4 0  |6 306_766000000000000_FRA  |7 1  |9 2157  |a RM  |b RM  |d 2024-10-23  |l 0  |o 306 766 FRA  |p 836  |r 2024-10-23 18:42:42  |w 2024-10-23  |y BK 
999 |c 1898  |d 1898